000 00773nam a2200241 i 4500
001 183045
003 ES-MaACL
005 20231220194709.0
008 140114s2012 sp a | |||||||| | spa d
020 _a978-84-92984-91-6
080 _a929 Galán, Ilia
100 1 _aGalán, Ilia,
_d1966-
_9234259
245 1 0 _aDiarios :
_bla palabra perdida : Italia /
_cIlia Galán.
250 _a1ª ed.
260 _a[Siero, Asturias] :
_bMasonica.es,
_c2012.
300 _a281 p. :
_bil. ;
_c21 cm.
490 1 _aSerie Amarilla
830 0 _aSerie Amarilla
_9191865
852 _aES-MaACL
_jA-13011
_9189978
_bR.149821
_cDEPO1
_dN-6011
_hDonación: Ilia Galán
903 _aGalán, Ilia,
_d1966-
_ednr
_9234259
942 _2udc
_cMONOGRAFIA
999 _c183045
_d183045